La noche del grito /
Uloženo v:
| Hlavní autor: | |
|---|---|
| Médium: | Neznámo |
| Jazyk: | Spanish |
| Vydáno: |
México:
Grijalbo,
1987
|
| Edice: | Colección narrativa
|
| Témata: | |
| Tagy: |
Přidat tag
Žádné tagy, Buďte první, kdo vytvoří štítek k tomuto záznamu!
|
MARC
| LEADER | 000000000a22000000004500 | ||
|---|---|---|---|
| 001 | 001033 | ||
| 008 | 170622s1987 mx ||||| |||| 00| f spa d | ||
| 020 | |a 9684196717 | ||
| 041 | 0 | |a español | |
| 082 | |a M863.4 |b E19n | ||
| 100 | 1 | |a Echeverría, Manuel, |d 1942- | |
| 245 | 1 | 3 | |a La noche del grito / |c Manuel Echeverría |
| 260 | |a México: |b Grijalbo, |c 1987 | ||
| 300 | |a 123 páginas | ||
| 490 | |a Colección narrativa | ||
| 500 | |a Número de inscripción 12817 (George Yúdice) | ||
| 650 | 1 | 4 | |a LITERATURA MEXICANA |v NOVELA |
| 942 | |2 ddc |c BK | ||
| 999 | |c 2159 |d 2159 | ||



